Tao te ching / (Record no. 1097)
[ view plain ]
| 000 -LEADER | |
|---|---|
| fixed length control field | 01069cam a2200349 a 4500 |
| 001 - CONTROL NUMBER | |
| control field | 711101 |
| 003 - CONTROL NUMBER IDENTIFIER | |
| control field | OSt |
| 005 - DATE AND TIME OF LATEST TRANSACTION | |
| control field | 20140310181656.0 |
| 008 - FIXED-LENGTH DATA ELEMENTS--GENERAL INFORMATION | |
| fixed length control field | 971028r19971891nyu 000 0 eng |
| 010 ## - LIBRARY OF CONGRESS CONTROL NUMBER | |
| LC control number | 97046018 |
| 020 ## - INTERNATIONAL STANDARD BOOK NUMBER | |
| International Standard Book Number | 1853264717 |
| 040 ## - CATALOGING SOURCE | |
| Original cataloging agency | DLC |
| Transcribing agency | DLC |
| Modifying agency | DLC |
| 041 1# - LANGUAGE CODE | |
| Language code of text/sound track or separate title | eng |
| Language code of original and/or intermediate translations of text | chi |
| 050 00 - LIBRARY OF CONGRESS CALL NUMBER | |
| Classification number | BL 1900 |
| Item number | .T999 1997 |
| 082 00 - DEWEY DECIMAL CLASSIFICATION NUMBER | |
| Classification number | IB 299.51482 |
| -- | T99t 1997 |
| 100 0# - MAIN ENTRY--PERSONAL NAME | |
| Personal name | Tzu, Lao. |
| 240 10 - UNIFORM TITLE | |
| Uniform title | <a href="Dao de jing.">Dao de jing.</a> |
| Language of a work | English |
| 245 10 - TITLE STATEMENT | |
| Title | Tao te ching / |
| Statement of responsibility, etc | Lao Tzu. |
| 250 ## - EDITION STATEMENT | |
| Edition statement | Dover ed., unabridged. |
| 260 ## - PUBLICATION, DISTRIBUTION, ETC. (IMPRINT) | |
| Place of publication, distribution, etc | Mineola, N.Y. : |
| Name of publisher, distributor, etc | Dover Publications, |
| Date of publication, distribution, etc | 1997. |
| 300 ## - PHYSICAL DESCRIPTION | |
| Extent | 78 p. : |
| Dimensions | 21 cm. |
| 440 #0 - SERIES STATEMENT/ADDED ENTRY--TITLE | |
| Title | Dover thrift editions |
| 700 1# - ADDED ENTRY--PERSONAL NAME | |
| Personal name | Legge, James, |
| Dates associated with a name | 1815-1897. |
| 856 42 - ELECTRONIC LOCATION AND ACCESS | |
| Materials specified | Publisher description |
| Uniform Resource Identifier | <a href="http://www.loc.gov/catdir/description/dover031/97046018.html">http://www.loc.gov/catdir/description/dover031/97046018.html</a> |
| 906 ## - LOCAL DATA ELEMENT F, LDF (RLIN) | |
| a | 7 |
| b | cbc |
| c | orignew |
| d | 1 |
| e | ocip |
| f | 19 |
| g | y-gencatlg |
| 942 ## - ADDED ENTRY ELEMENTS (KOHA) | |
| Source of classification or shelving scheme | Library of Congress Classification |
| Koha item type | Books |
| 987 ## - LOCAL ROMANIZATION/CONVERSION HISTORY (OCLC) | |
| Romanization/conversion identifier | PINYIN |
| Agency that converted, created or reviewed | DLC |
| Date of conversion or review | 20030401 |
| Status code | c |
| Withdrawn status | Lost status | Source of classification or shelving scheme | Damaged status | Home library | Current library | Shelving location | Date acquired | Source of acquisition | Total Checkouts | Full call number | Barcode | Date last seen | Date checked out | Copy number | Price effective from | Koha item type |
|---|---|---|---|---|---|---|---|---|---|---|---|---|---|---|---|---|
| Library of Congress Classification | Luxembourg Library | Luxembourg Library | Classic Section | 04/16/2012 | Donation | 1 | BL 1900 .T999 1997 | 13791 | 03/07/2019 | 03/07/2019 | 3 | 04/16/2012 | Books | |||
| Luxembourg Library | Luxembourg Library | International Baccalaureate Section | 06/19/2013 | BL 1900 .T999 1997 | 13790 | 08/13/2013 | 2 | 06/19/2013 | Books | |||||||
| Luxembourg Library | Luxembourg Library | International Baccalaureate Section | 06/19/2013 | BL 1900 .T999 1997 | 13789 | 08/13/2013 | 1 | 06/19/2013 | Books |